Leviathan / (Record no. 1601)
[ view plain ]
| 000 -LEADER | |
|---|---|
| fixed length control field | 01280nac a22002651u 4500 |
| 010 ## - LIBRARY OF CONGRESS CONTROL NUMBER | |
| LC control number | 99178169 |
| 020 ## - INTERNATIONAL STANDARD BOOK NUMBER | |
| International Standard Book Number | 0192834983 (pbk.) |
| 082 00 - DEWEY DECIMAL CLASSIFICATION NUMBER | |
| Classification number | 320.1 |
| Item number | H6821 |
| 090 ## - LOCALLY ASSIGNED LC-TYPE CALL NUMBER (OCLC); LOCAL CALL NUMBER (OCLC) | |
| -- | 1601 |
| -- | 1601 |
| 100 ## - MAIN ENTRY--PERSONAL NAME | |
| Personal name | Hobbes, Thomas, |
| 245 10 - TITLE STATEMENT | |
| Title | Leviathan / |
| Statement of responsibility, etc | Thomas Hobbes ; edited with an introduction and notes by J.C.A. Gaskin. |
| 260 ## - PUBLICATION, DISTRIBUTION, ETC. (IMPRINT) | |
| Place of publication, distribution, etc | Oxford ; |
| -- | New York : |
| Name of publisher, distributor, etc | Oxford University Press, |
| Date of publication, distribution, etc | 1998. |
| 300 ## - PHYSICAL DESCRIPTION | |
| Extent | lv, 508 p. ; |
| Dimensions | 20 cm. |
| 490 1# - Series Statement | |
| Series statement | Oxford world's classics |
| 500 ## - GENERAL NOTE | |
| General note | "First published as a World's classics paperback 1996"--T.p. verso. |
| 504 ## - BIBLIOGRAPHY, ETC. NOTE | |
| Bibliography, etc | Includes bibliographical references (p. l-lii) and index. |
| 650 #0 - SUBJECT ADDED ENTRY--TOPICAL TERM | |
| Topical term or geographic name as entry element | Political science |
| General subdivision | Early works to 1800. |
| 650 #0 - SUBJECT ADDED ENTRY--TOPICAL TERM | |
| Topical term or geographic name as entry element | State, The. |
| 700 1# - ADDED ENTRY--PERSONAL NAME | |
| Personal name | Gaskin, J. C. A. |
| Fuller form of name | (John Charles Addison) |
| 830 #0 - SERIES ADDED ENTRY--UNIFORM TITLE | |
| Uniform title | Oxford world's classics (Oxford University Press) |
| 856 42 - ELECTRONIC LOCATION AND ACCESS | |
| Materials specified | Publisher description |
| Uniform Resource Identifier | <a href="http://www.loc.gov/catdir/enhancements/fy0605/99178169-d.html">http://www.loc.gov/catdir/enhancements/fy0605/99178169-d.html</a> |
| 942 ## - ADDED ENTRY ELEMENTS (KOHA) | |
| Item type | |
| Call number prefix | 320.1H6821 |
| Withdrawn status | Item status | Damaged status | Not for loan | Home library | Current library | Shelving location | Date acquired | Source of acquisition | Total Checkouts | Total Renewals | Full call number | Barcode | Date last seen | Date last borrowed | Koha item type | Materials specified (bound volume or other part) |
|---|---|---|---|---|---|---|---|---|---|---|---|---|---|---|---|---|
| Central Library | Central Library | First floor | 06/11/2008 | Purchase | 4 | 14 | 320.1 HOB | 000002742 | 15/07/2025 | 03/12/2017 | Book - Borrowing | |||||
| Central Library | Central Library | First floor | 06/11/2008 | Purchase | 8 | 29 | 320.1 HOB | 000002741 | 08/10/2025 | 23/04/2025 | Book - Borrowing | |||||
| Central Library | Central Library | First floor | 06/11/2008 | Purchase | 320.1 HOB | 000002740 | 15/07/2025 | NB - Book (Non borrowing) | Lost_In_Inventory_12-2-2024 |